| 000 | 00629nam a2200229 a 4500 | ||
|---|---|---|---|
| 999 |
_c3793 _d3793 |
||
| 001 | 3793 | ||
| 003 | BD-JhCC | ||
| 005 | 20171119093739.0 | ||
| 008 | 171118s19922015bg |||| ||a| 000 0 ben d | ||
| 020 | _a9789840417407 | ||
| 035 | _a(BD-JhCC)3793 | ||
| 040 |
_aBD-JhCC _dBD-JhCC |
||
| 041 | _aben | ||
| 082 |
_a891.443 _bSHA 2015 |
||
| 100 | _aশরীফ, আহমদ | ||
| 245 |
_aসংস্কৃতি / _cআহমদ শরীফ |
||
| 260 |
_aঢাকা : _bআগামী প্রকাশনী, _c2015 |
||
| 300 |
_a78 p. : _c20 cm. |
||
| 650 | _aCollection of Essays | ||
| 942 |
_2ddc _cBK |
||